000 00578nam a22001577a 4500
008 160701b xxu||||| |||| 00| 0 eng d
020 _a09655558533
050 _aHV 1569.5 .W47 1998
100 _aWerner, David
_d1998
245 _aNothing about us without us :
_bdeveloping innovative technologies for, by and with disabled persond/
_cDavid Werner
260 _aPalo Alto :
_bHealth Rights.,
_c1998.
300 _aix, 350p.:
_bill;
_c28cm.
500 _aIncludes index.
650 _aPeople with disabilities.
942 _2lcc
_cSH_L_BOOKS
_hHV 1569.5 .W47 1998
999 _c11227
_d11227